| 000 | 00679cam a2200253 a 4500 | ||
|---|---|---|---|
| 001 | 3261224 | ||
| 003 | Nust | ||
| 005 | 20220829120629.0 | ||
| 008 | 811014s1982 nyu 000 1 eng | ||
| 010 | _a 81017896 | ||
| 020 |
_a033026916X _cRs. 340 |
||
| 038 | _aArshad | ||
| 040 |
_aDLC _cDLC _dDLC |
||
| 050 | 0 | 0 |
_aPS3553.O5545 _bF4 1982 |
| 082 |
_a823 _bCOO |
||
| 100 | 1 |
_aCook, Robin, _d1940- _911492 |
|
| 245 | 1 | 0 |
_aFever / _cRobin Cook. |
| 260 |
_aNew York : _bPutnam, _c1982. |
||
| 300 |
_a303 p. ; _c23 cm. |
||
| 650 |
_aEnglish fiction _911112 |
||
| 655 | 7 |
_aMedical novels. _2gsafd _911124 |
|
| 906 |
_a7 _bcbc _corignew _d1 _eocip _f19 _gy-gencatlg |
||
| 942 |
_2ddc _cBK |
||
| 999 |
_c173309 _d173309 |
||